| 000 | 00617 a2200181 4500 | ||
|---|---|---|---|
| 999 |
_c4572 _d4572 |
||
| 020 | _a9780409035155 | ||
| 050 | 0 | 0 | _aKTL 540 CRO 2010 |
| 100 | 1 |
_aCronj,̌ D. S. P. _eauthor |
|
| 245 | 1 | 0 |
_aSouth African family law / _cD.S.P. Cronj ǎnd Jacqueline Heaton. |
| 250 |
_a3rd ed. / _bby Jacqueline Heaton. |
||
| 264 |
_aSouth Africa: _bLexisNexis, _c2010 |
||
| 300 | _a391 p. ; | ||
| 500 | _aIncludes bibliographical references and index. | ||
| 504 | _aIncludes bibliographical references and index. | ||
| 650 | 0 | _aDomestic relations | |
| 700 | 1 |
_aHeaton, Jacqueline _eauthor |
|
| 942 |
_2lcc _cBK _e3rd ed. _h540 _iCRO _kKTL |
||